|
|
|
|
| LEADER |
00000nam a22000007a 4500 |
| 005 |
20131129140430.0 |
| 007 |
cr|||| |||| |
| 008 |
131129c20119999co zr|| s|||| 0|||a1spa d |
| 035 |
|
|
|a 11651
|
| 040 |
|
|
|a vLex
|
| 090 |
|
|
|c 4617
|d 4617
|
| 245 |
0 |
0 |
|a Trans-pasando fronteras
|h [Recurso electrn̤ico]
|
| 256 |
|
|
|a Servicio en ln̕ea
|
| 260 |
|
|
|a Bogot:̀
|b Universidad ICESI.
|c 2011 -
|
| 300 |
|
|
|a 1 recurso electrn̤ico
|
| 310 |
|
|
|a Semestral
|
| 362 |
|
|
|a Nm︢. 1 (2011) -
|
| 506 |
1 |
|
|a Contenido solo disponible en los productos indicados
|d vLex Global
|d vLex Global (Academic Edition, excluding Law Schools)
|d vLex Global (U.S. Academic Edition, Law Schools)
|d vLex Global (U.S. Academic Edition, excluding Law Schools)
|d vLex Global (Academic Edition, Law Schools)
|
| 650 |
0 |
4 |
|a Colombia
|x Boundaries
|
| 650 |
0 |
4 |
|a Derecho internacional
|
| 740 |
0 |
|
|a vLex Libros (Servicio en ln̕ea)
|
| 856 |
|
|
|u http://vlex.com/source/trans-pasando-fronteras-11651
|z Acceso restringido
|
| 942 |
|
|
|c REV
|
| 999 |
0 |
|
|a Boundaries
|
| 999 |
0 |
|
|a International Law
|